Порівняльний аспект гендерної парадигми україномовної та англомовної Інтернет-комунікації (Запис № 285348)

МАРК-запис
000 -LEADER
fixed length control field 02102nam a22001577a 4500
041 ## - LANGUAGE CODE
Language code of text/sound track or separate title ukr
080 ## - UNIVERSAL DECIMAL CLASSIFICATION NUMBER
Universal Decimal Classification number 09
090 ## - LOCALLY ASSIGNED LC-TYPE CALL NUMBER (OCLC); LOCAL CALL NUMBER (OCLC)
Local cutter number (OCLC) ; Book number/undivided call number, CALL (RLIN) БІЛ
100 ## - MAIN ENTRY--PERSONAL NAME
Personal name Білик, І. В.
245 ## - TITLE STATEMENT
Title Порівняльний аспект гендерної парадигми україномовної та англомовної Інтернет-комунікації
260 ## - PUBLICATION, DISTRIBUTION, ETC. (IMPRINT)
Place of publication, distribution, etc Острог
Name of publisher, distributor, etc КАФ
Date of publication, distribution, etc 2013
300 ## - PHYSICAL DESCRIPTION
Extent 70
520 ## - SUMMARY, ETC.
Summary, etc Вступ.<br/>Розділ І. Загальний теоретичний порівняльний аналіз гендерної парадигми англомовної та україномовної інтернет-комунікації.<br/>1.1. Феномен інтернет-комунікації, як новітнього типу комунікацій<br/>1.2. Становлення теоретичної парадигми гендеру в інтернет-комунікації<br/>1.3. Гендерні аспекти в аналізі україномовної та англомовної інтнрнет-комунікації<br/>Розділ ІІ. Дослідження гендерних особливостей україномовного та англомовного спілкування у віртуальному просторі.<br/>2.1. Порівняльні особливості україномовного та англомовного спілкування у віртуальному просторі<br/>Розділ ІІІ. Охорона праці: порядок організації державного нагляду за охороною праці.<br/>3.1. Поняття нагляду і контролю за дотриманням законодавства про працю та їх зміст<br/>3.2. Держівний нагляд і контроль за дотриманням законодавства про працю та охорону праці<br/>Висновки.<br/>Список використаної літератури.
-- гендер, інтернет-комунікація
650 ## - SUBJECT ADDED ENTRY--TOPICAL TERM
Topical term or geographic name as entry element Research Papers
942 ## - ADDED ENTRY ELEMENTS (KOHA)
Koha item type Книги
Фонди
Withdrawn status Lost status Source of classification or shelving scheme Damaged status Not for loan Home library Current library Date acquired Source of acquisition Cost, normal purchase price Total Checkouts Full call number Barcode Date last seen Price effective from Koha item type
    Universal Decimal Classification     ВІЛ - Відділ іноземн. літератури НБ ВІЛ - Відділ іноземн. літератури НБ 12/06/2013 Акт №7 1.00   09 215272 09/11/2021 12/06/2013 Книги